Belgian Red Devils since 2010 - Statistics

General Stats
  • This quiz has been taken 252 times
    169 since last reset
  • The average score is 24 of 42
Answer Stats
Games Goals % Correct
108 75 Romelu Lukaku
100%
128 8 Jan Vertonghen
97%
101 0 Thibaut Courtois
97%
123 5 Toby Alderweireld
95%
116 33 Eden Hazard
94%
99 26 Kevin De Bruyne
94%
47 9 Thorgan Hazard
94%
120 10 Axel Witsel
88%
60 4 Vincent Kompany
86%
109 21 Dries Mertens
83%
66 15 Marouane Fellaini
83%
62 8 Thomas Meunier
79%
35 0 Simon Mignolet
78%
58 1 Thomas Vermaelen
71%
60 5 Youri Tielemans
70%
66 9 Yannick Carrasco
69%
14 2 Jérémy Doku
67%
32 3 Divock Origi
66%
56 0 Mousa Dembélé
66%
42 18 Christian Benteke
65%
51 27 Michy Batshuayi
64%
33 2 Timothy Castagne
61%
30 3 Daniel Van Buyten
60%
66 8 Nacer Chadli
60%
22 5 Hans Vanaken
54%
29 6 Radja Nainggolan
46%
26 5 Leandro Trossard
45%
12 1 Charles De Ketelaere
40%
32 1 Leander Dendoncker
40%
40 6 Kevin Mirallas
39%
29 1 Steven Defour
36%
15 1 Adnan Januzaj
35%
29 0 Dedryck Boyata
35%
35 1 Jason Denayer
34%
15 2 Dennis Praet
27%
20 3 Timmy Simons
26%
32 3 Nicolas Lombaerts
24%
11 1 Guillaume Gillet
22%
20 1 Laurent Ciman
21%
11 1 Alexis Saelemaekers
18%
10 2 Jelle Vossen
12%
10 1 Thomas Foket
8%
No matching quizzes found
Score Distribution
Percent of People with Each Score
Percentile by Number Answered
Your Score History
You have not taken this quiz since the last reset